Vida ejemplar de Simón Bolivar / (Record no. 44060)
[ view plain ]
| 000 -CABECERA | |
|---|---|
| campo de control de longitud fija | 00554nam a2200181 a 4500 |
| 001 - NÚMERO DE CONTROL | |
| campo de control | 000044571 |
| 005 - FECHA Y HORA DE LA ÚLTIMA TRANSACCIÓN | |
| campo de control | 20201002045453.0 |
| 008 - DATOS DE LONGITUD FIJA--INFORMACIÓN GENERAL | |
| campo de control de longitud fija | 140717s1955 ve ac 001 0 spa d |
| 040 ## - FUENTE DE LA CATALOGACIÓN | |
| Centro catalogador/agencia de origen | DO-SdBNP |
| Lengua de catalogación | spa |
| Centro/agencia transcriptor | BNPHU |
| 082 ## - NÚMERO DE LA CLASIFICACIÓN DECIMAL DEWEY | |
| Número de clasificación | xxxx |
| Número de documento/Ítem | xxxx |
| 100 1# - ENTRADA PRINCIPAL--NOMBRE DE PERSONA | |
| Nombre de persona | Key-Ayala, S., |
| Fechas asociadas al nombre | 1874-1959 |
| 9 (RLIN) | 72596 |
| 245 10 - MENCIÓN DE TÍTULO | |
| Título | Vida ejemplar de Simón Bolivar / |
| Mención de responsabilidad, etc. | Santiago Key-Ayala. |
| 260 ## - PUBLICACIÓN, DISTRIBUCIÓN, ETC. | |
| Lugar de publicación, distribución, etc. | Caracas : |
| Nombre del editor, distribuidor, etc. | [Ediciones EDIME, |
| Fecha de publicación, distribución, etc. | 1955?]. |
| 300 ## - DESCRIPCIÓN FÍSICA | |
| Extensión | 199 p : |
| Otras características físicas | il., retrs. ; |
| Dimensiones | 21 cm. |
| 490 1# - MENCIÓN DE SERIE | |
| Mención de serie | Textos EDIME |
| 500 ## - NOTA GENERAL | |
| Nota general | Bolívar, Simón, 1783-1830. |
| 830 #0 - PUNTO DE ACCESO ADICIONAL DE SERIE-TÍTULO UNIFORME | |
| Título uniforme | Textos EDIME |
| 9 (RLIN) | 72597 |
| Estado de retiro | Estado de pérdida | Restricciones de uso | No para préstamo | Código de colección | Localización permanente | Ubicación/localización actual | Ubicación en estantería | Fecha de adquisición | Número de inventario | Total de préstamos | Signatura topográfica completa | Código de barras | Fecha visto por última vez | Precio válido a partir de | Tipo de ítem Koha |
|---|---|---|---|---|---|---|---|---|---|---|---|---|---|---|---|
| Excluido de préstamo | Monografías: Libros y Folletos | General | General | En catalogación | 17.07.2014 | LF1 | xxxx xxxx | 44571-10 | 25.06.2020 | 25.06.2020 | No se presta |
